00442pam a2200145 a 4500020001500000040000800015082002600023100002300049245005800072260005300130300005700183500002000240650001300260700002300273 a0023437510 cDLC00a512 PRE 1996 A032 Or.1 aSullivan, Michael,10aCollege algebra :benhanced with graphing utilities / aUpper Saddle River, NJ :bPrentice Hall,cc1996. a1 v. (various pagings) :bill. (some col.) ;c26 cm. aIncludes index. 0aAlgebra.1 aSullivan, Michael,